Mechanische Schmingungen

Salvato in:
Dettagli Bibliografici
Natura: Libro
Lingua:tedesco
Pubblicazione: Leipzig : VEB Fachbuchverlag, 1984
Edizione:2.Aufl.
Tags: Aggiungi Tag
Nessun Tag, puoi essere il primo ad aggiungerne!!

MARC

LEADER 00000nam a22000003a 4500
001 stu5992
005 20150408182009.5
008 940525s1984----ge------------------ger-d
040 |a STU  |b slo 
041 0 |a ger 
044 |a ge 
080 |a 534 
245 |a Mechanische Schmingungen 
250 |a 2.Aufl. 
260 |a Leipzig :  |b VEB Fachbuchverlag,  |c 1984 
300 |a 332 s 
996 |b E66322  |c E*66322  |l EE15  |s P  |a 0  |w stu5992_0001